Sports Quiz

Random Sports Quiz

#2 NBA Draft picks 2005-2010 Quiz Stats

 Plays Quiz not verified by Sporcle

Also try: Last 16 Sweet 16s
Challenge
Share
Tweet
Embed
Score 0/6 Timer 02:00
0 Plays Today
Year Player % Correct
2007Kevin Durant
87.3%
2010Evan Turner
78.8%
2008Michael Beasley
61.2%
2009Hasheem Thabeet
52.7%
2005Marvin Williams
49.1%
2006LaMarcus Aldridge
35.8%

You're not logged in!

Compare scores with friends on all Sporcle quizzes.
Join for Free
OR
Log In

You Might Also Like...

Show Comments

Extras

Created Oct 25, 2010ReportNominate

Top Quizzes Today


Score Distribution

Your Account Isn't Verified!

In order to create a playlist on Sporcle, you need to verify the email address you used during registration. Go to your Sporcle Settings to finish the process.

Report this User

Report this user for behavior that violates our Community Guidelines.

Details: